LEADER 00830nam0-22003371i-450- 001 990003181840403321 035 $a000318184 035 $aFED01000318184 035 $a(Aleph)000318184FED01 035 $a000318184 100 $a20000920d1936----km-y0itay50------ba 101 0 $aita 102 $aIT 200 1 $a<>révolution trahie$fLéon Trotski. 205 $a10. ed.. 210 $aParis$cBernard Grasset$d1936. 215 $a346 p.$d19 cm 676 $a15430 676 $a15440 676 $a19830 676 $aD/4.2 676 $aE/5 702 1$aTrockij,$bLev Davydovic$f<1879-1940> 801 0$aIT$bUNINA$gRICA$2UNIMARC 901 $aBK 912 $a990003181840403321 952 $aD/4.2 TRO$b05630$fSES 959 $aSES 996 $aRévolution trahie$9452494 997 $aUNINA DB $aING01 LEADER 01515nas 2200373 n 450 001 990008886300403321 005 20240229084531.0 011 $a0735-3480 035 $a000888630 035 $aFED01000888630 035 $a(Aleph)000888630FED01 035 $a000888630 091 $2CNR$aP 00063504 100 $a20161109b19811984km-y0itaa50------ba 101 0 $aeng 110 $aauu-------- 200 1 $aAdvances in applied biology 207 1$a1981-1984 210 $aLondon$c[s.n.] 430 0$1001000890614$12001$aApplied biology 530 0 $aAdvances in applied biology 675 $a573.6 675 $a63 676 $a574/.05 801 0$aIT$bACNP$c20090723 859 4 $uhttp://acnp.cib.unibo.it/cgi-ser/start/it/cnr/dc-p1.tcl?catno=42165&person=false&language=ITALIANO&libr=&libr_th=unina1$zBiblioteche che possiedono il periodico 901 $aSE 912 $a990008886300403321 958 $aBiblioteca Centralizzata. Facoltà di Agraria dell'Università Federico II di Napoli$b1981-1984.$fFAGBC 959 $aFAGBC 996 $aAdvances in applied biology$9802485 997 $aUNINA AP1 8 $6866-01$aNA087 Biblioteca Centralizzata. Facoltà di Agraria dell'Università Federico II di Napoli$ev. Università, 100 Palazzo Reale, 80055 Portici (NA)$m081-2539322$m081-7760229$nit AP2 40$aacnp.cib.unibo.it$nACNP Italian Union Catalogue of Serials$uhttp://acnp.cib.unibo.it/cgi-ser/start/it/cnr/df-p.tcl?catno=42165&language=ITALIANO&libr=&person=&B=1&libr_th=unina&proposto=NO